000
00295nam a2200109Ia 4500
082
_a
150.968 INTE
245
0
_a
Painter,Desmond
100
_a
Interior: A history of Physchology in South Africa
_9
30824
942
_c
BK
020
_a
9781868884483"
008
210816s9999 xx 000 0 und d
999
_c
114836
_d
114835